LIBRARY & INFORMATION CENTRE, KCAET, TAVANUR

ONLINE PUBLIC ACCESS CATALOGUE (OPAC)

Vallathol sudha / (Record no. 964)

MARC details
000 -LEADER
fixed length control field 00499cam a2200193ua 4500
041 ## - LANGUAGE CODE
Language code of text/sound track or separate title mal
082 ## - DEWEY DECIMAL CLASSIFICATION NUMBER
Classification number 894.812 1
Item number VAl/VA
100 ## - MAIN ENTRY--AUTHOR NAME
Personal name Narayana Menon, Vallathol.
245 ## - TITLE STATEMENT
Title Vallathol sudha /
260 ## - PUBLICATION, DISTRIBUTION, ETC. (IMPRINT)
Place of publication Cheruthuruthy :
Name of publisher Vallathol Granthalayam ,
Year of publication 1962.
300 ## - PHYSICAL DESCRIPTION
Number of Pages 132 ; .
650 ## - SUBJECT ADDED ENTRY--TOPICAL TERM
Topical Term Poems - Malayalam
942 ## - ADDED ENTRY ELEMENTS (KOHA)
Koha item type Books
Holdings
Withdrawn status Lost status Damaged status Home library Current library Date acquired Full call number Accession Number Koha item type
      KAUAET KAUAET 07/04/2012 894.812 1 9506 Books
free website counter